Richard II / (Record no. 50205)
| 000 -LEADER | |
|---|---|
| fixed length control field | 00706nam a2200169 4500 |
| 020 ## - INTERNATIONAL STANDARD BOOK NUMBER | |
| International Standard Book Number | 9780007902293 (paperback) : |
| Terms of availability | £2.50 |
| 020 ## - INTERNATIONAL STANDARD BOOK NUMBER | |
| International Standard Book Number | 0007902298 (paperback) : |
| Terms of availability | £2.50 |
| 100 1# - MAIN ENTRY--PERSONAL NAME | |
| Personal name | Shakespeare, William, |
| Dates associated with a name | 1564-1616, |
| Relator term | author. |
| 245 10 - TITLE STATEMENT | |
| Title | Richard II / |
| Statement of responsibility, etc | William Shakespeare ; additional notes and editing, Mike Gould. |
| 260 ## - PUBLICATION, DISTRIBUTION, ETC. (IMPRINT) | |
| Place of publication, distribution, etc | London : |
| Name of publisher, distributor, etc | Harper Press, |
| Date of publication, distribution, etc | 2011. |
| 300 ## - PHYSICAL DESCRIPTION | |
| Extent | xx, 134 pages : |
| Other physical details | 1 illustration (black and white) ; |
| Dimensions | 18 cm. |
| 490 ## - SERIES STATEMENT | |
| Series statement | Collins classics |
| 600 ## - SUBJECT ADDED ENTRY--PERSONAL NAME | |
| Personal name | Shakespeare, William, |
| Dates associated with a name | 1564-1616. |
| Title of a work | Richard II. |
| 9 (RLIN) | 87226 |
| 600 ## - SUBJECT ADDED ENTRY--PERSONAL NAME | |
| Personal name | Richard |
| Numeration | II, |
| Titles and other words associated with a name | King of England, |
| Dates associated with a name | 1367-1400 |
| Form subdivision | Drama. |
| 9 (RLIN) | 87227 |
| 700 ## - ADDED ENTRY--PERSONAL NAME | |
| Personal name | Gould, Mike |
| Titles and other words associated with a name | (Children's story writer), |
| Relator term | editor. |
| 9 (RLIN) | 87228 |
| 942 ## - ADDED ENTRY ELEMENTS (KOHA) | |
| Source of classification or shelving scheme | |
| Koha item type | Book |
| Withdrawn status | Lost status | Source of classification or shelving scheme | Damaged status | Not for loan | Home library | Current library | Date acquired | Total Checkouts | Full call number | Barcode | Date last seen | Price effective from | Koha item type |
|---|---|---|---|---|---|---|---|---|---|---|---|---|---|
| Logos International School | Logos International School | 02/24/2026 | 822.33 SHA | 040872 | 02/25/2026 | 02/24/2026 | Book |